Eddington's search for a Fundamental Theory. (Record no. 8354)

MARC details
000 -LEADER
fixed length control field 00512nam a22001937a 4500
003 - CONTROL NUMBER IDENTIFIER
control field OSt
005 - DATE AND TIME OF LATEST TRANSACTION
control field 20240604205133.0
008 - FIXED-LENGTH DATA ELEMENTS--GENERAL INFORMATION
fixed length control field 240604b |||||||| |||| 00| 0 eng d
020 ## - INTERNATIONAL STANDARD BOOK NUMBER
International Standard Book Number 0521371651
040 ## - CATALOGING SOURCE
Transcribing agency DDC
082 ## - DEWEY DECIMAL CLASSIFICATION NUMBER
Classification number 523.1 KIL 1994.
100 ## - MAIN ENTRY--PERSONAL NAME
Relator code Kilmister C,W.
245 ## - TITLE STATEMENT
Title Eddington's search for a Fundamental Theory.
260 ## - PUBLICATION, DISTRIBUTION, ETC. (IMPRINT)
Place of publication, distribution, etc. New York,
Name of publisher, distributor, etc. Cambridge University.
Date of publication, distribution, etc. 1994.
300 ## - PHYSICAL DESCRIPTION
Extent xii;256p
Other physical details ill,
Dimensions 23.3cm.
504 ## - BIBLIOGRAPHY, ETC. NOTE
Bibliography, etc References,Index.
650 ## - SUBJECT ADDED ENTRY--TOPICAL TERM
Topical term or geographic name as entry element Mathematics.
942 ## - ADDED ENTRY ELEMENTS (KOHA)
Source of classification or shelving scheme Dewey Decimal Classification
Koha item type Open Shelf
Holdings
Withdrawn status Lost status Source of classification or shelving scheme Damaged status Not for loan Home library Current library Date acquired Source of acquisition Inventory number Total Checkouts Full call number Barcode Date last seen Price effective from Koha item type
    Dewey Decimal Classification     MUST Main Library MUST Main Library 04/06/2024 purchase 06/28205   523.1 KIL 1994. 2024-20213 04/06/2024 04/06/2024 Open Shelf